00905cam a22002537a 45000010009000000050017000090080041000260100017000670150019000840160018001030200022001210350023001430350020001660400044001860420014002300500022002441000019002662450092002852600061003773000052004385040064004906500063005546500034006171467529420161202160916.0061219s2006 enkaf b 001 0 eng  a 2006299908 aGBA6391992bnb7 a0134431452Uk a1843832089 (hbk.) a(OCoLC)ocm65767598 a(OCoLC)65767598 aUKMcUKMdBAKERdBWKUKdIXAdYDXCPdDLC alccopycat00aN7860 b.P37 20061 aParry, Graham.14aThe arts of the Anglican Counter-Reformation :bglory, laud and honour /cGraham Parry. aWoodbridge, UK ;aRochester, NY :bBoydell Press,c2006. axi, 207 p., [28] p. of plates :bill. ;c24 cm. aIncludes bibliographical references (p. 193-199) and index. 0aChristian art and symbolismzEnglandyModern period, 1500- 0aCounter-ReformationzEngland.